| 000 | 00635nam a2200229Ia 4500 | ||
|---|---|---|---|
| 003 | OSt | ||
| 005 | 20220928123931.0 | ||
| 006 | a|||||r|||| 00| 0 | ||
| 007 | ta | ||
| 008 | 220927b |||||||| |||| 00| 0 eng d | ||
| 024 | _a99314 | ||
| 037 | _cTextual | ||
| 040 |
_aSDCL _cSDCL _beng |
||
| 041 |
_2eng _aeng |
||
| 082 | _aD65,4g, K7 | ||
| 100 |
_aHamsher Donald H _9462432 |
||
| 245 | 0 | _aCommunication system engineering handbook. | |
| 260 |
_aNew York _b Mcgraw - Hill _c1967 |
||
| 300 |
_axv,25-27+ Various pagination. _ccm. |
||
| 942 |
_hD65,4g, K7 _cTEXL _2CC |
||
| 999 |
_c775419 _d775419 |
||